Central Library OPAC University of Rajshahi

Growth and development of the young child / (Record no. 29654)

MARC details
000 -LEADER
fixed length control field 01010cam a2200313 4500
001 - CONTROL NUMBER
control field 29654
003 - CONTROL NUMBER IDENTIFIER
rucl marc code BD-RjUL
005 - DATE AND TIME OF LATEST TRANSACTION
control field 20211209051436.0
008 - FIXED-LENGTH DATA ELEMENTS--GENERAL INFORMATION
fixed length control field 140406s1969 paua b 001 0 eng d
020 ## - INTERNATIONAL STANDARD BOOK NUMBER
International Standard Book Number 0721619371
035 ## - SYSTEM CONTROL NUMBER
System control number (BD-RjUL)29739
040 ## - CATALOGING SOURCE
Original cataloging agency DLC
Transcribing agency DLC
Modifying agency DLC
-- BD-RjUL
Language of cataloging eng
041 ## - LANGUAGE CODE
Language code of text/sound track or separate title eng
082 00 - DEWEY DECIMAL CLASSIFICATION NUMBER
Classification number 155.41
Author mark and year BRG 1969
100 1# - MAIN ENTRY--PERSONAL NAME
Personal name Breckenridge, Marian E.
Fuller form of name (Marian Edgar),
Dates associated with a name 1900-1966.
9 (RLIN) 90333
245 10 - TITLE STATEMENT
Title Growth and development of the young child /
Statement of responsibility, etc. by Marian E. Breckenridge [and] Margaret Nesbitt Murphy.
250 ## - EDITION STATEMENT
Edition statement 8th ed.
260 ## - PUBLICATION, DISTRIBUTION, ETC. (IMPRINT)
Place of publication, distribution, etc. Philadelphia :
Name of publisher, distributor, etc. Saunders,
Date of publication, distribution, etc. 1969.
300 ## - PHYSICAL DESCRIPTION
Pagination viii, 528 p. :
Illustrations illus. ;
Size 26 cm.
504 ## - BIBLIOGRAPHY, ETC. NOTE
Bibliography, etc "List of films": p. 467-473.
Bibliography, etc Bibliography: p. 475-511. and Index
650 #0 - SUBJECT ADDED ENTRY--TOPICAL TERM
Topical term or geographic name as entry element Children
General subdivision Growth.
9 (RLIN) 38319
Topical term or geographic name as entry element Child care.
9 (RLIN) 16750
Topical term or geographic name as entry element Child development.
9 (RLIN) 90334
700 1# - ADDED ENTRY--PERSONAL NAME
Personal name Murphy, Margaret Nesbitt,
Relator term joint author.
942 ## - ADDED ENTRY ELEMENTS (KOHA)
Source of classification or shelving scheme Dewey Decimal Classification
Koha item type Books
Holdings
Lost status Source of classification or shelving scheme Damaged status Not for loan Collection code Permanent Location Current Location Shelving location Date acquired Source of acquisition Total Checkouts Full call number Date last seen Copy number Koha item type
  Dewey Decimal Classification   Added to bundle Non-fiction Central Library, University of Rajshahi Central Library, University of Rajshahi Reading Room 04/02/1991 Asia Fundation Gift   155.41 BRG 1969 06/04/2014 C-1 Books